MDQL
is popping MORE tags! Check the
thread
!
Quizzes
Events
Quiz Creation
Community
Videos
Private Events
Remove Ads
Sign In
Join for FREE
Feedback
Dark Mode
Quiz Categories
Sports
Geography
Music
Movies
Television
Just For Fun
Miscellaneous
History
Literature
Language
Science
Gaming
Entertainment
Religion
Holiday
For Kids
Quiz Lab
Recent
Popular Today
Quiz Kudos Today
Editor Picks
Curator Picks
Quizzes by...
Day
Popularity
Type
Ratings
Length
Year
Community
Subscriptions
Recent Discussions
Orange Saloon
Badges
Playlists
Quests
Create
Leaderboards
Showdown
Live 5
Trivia Bingo
Activity
Puzzle Library
Sporcle Events
Private Events
Virtual Trivia
Globe League
Become a Host
Pub Owners
SporcleCon
Opinionation
Our Games
Videos
Blog
Mobile Apps
Partnerships
Remove Ads and Go Orange
Feedback
Movies
Disney
Marvel Cinematic Universe
Movie Resume
Movie Titles
Oscar
Actor
Actress
Director
Pixar
Role
Movie Quotes
Movie Characters
Box Office
Nominee
Best Picture
Star Wars
James Bond
Horror Movies
Movies
Disney
Marvel Cinematic Universe
Movie Resume
Movie Titles
Oscar
Actor
Actress
Director
Pixar
Role
Movie Quotes
Movie Characters
Box Office
Nominee
Best Picture
Star Wars
James Bond
Horror Movies
Random Quiz
Search Sporcle
×
Quiz Lab
Quiz Lab
Movies
Actor
Type in answers that appear in a list
Type in answers that appear in a list
Classic
Best Score? Go Orange.
Worst Opening Weekends (2000+ Theaters) Stats
Can you name the Worst Opening Weekends (2000+ Theaters)?
By
prefab
12m
40 Questions
157 Plays
157 Plays
157 Plays
Comments
Comments
Give Quiz Kudos
Give Quiz Kudos
-
- Ratings
hide this ad
Replay
Link that replays current quiz
Next Quiz
Link to next quiz in quiz playlist
You Got
0%
They Got
Avg Score
17%
Avg Friend Score
Upgrade to see
Score Distribution
Jump to the score distribution portion of the page
Score
0/40
Timer
12:00
0
Plays Today
Actors
Movie
% Correct
Kelly Clarkson; Justin Guarini
From Justin to Kelly
59.2%
Eddie Murphy; Rosario Dawson
The Adventures of Pluto Nash
58%
Rainn Wilson; Christina Applegate
The Rocker
44.6%
Drake Bell; Kevin Covais
College
35%
Freddie Prinze, Jr; Anne Bancroft (voices)
Delgo
33.1%
Jennifer Aniston; Kevin Costner
Rumor Has It
31.8%
Warren Beatty; Goldie Hawn
Town & Country
27.4%
Christian Slater; Tara Reid
Alone in the Dark
26.8%
Garry Shandling; Annette Bening
What Planet Are You From
26.8%
Chris Farley; Matthew Perry
Almost Heroes
25.5%
Allen Covert; Doris Roberts
Grandma's Boy
22.3%
Corbin Bernsen; Dennis Haysbert
Major League: Back to the Minors
21.7%
Vanessa Hudgens; David Bowie
Bandslam
21%
Eric Bana; Drew Barrymore
Lucky You
21%
David Spade; Sophie Marceau
Lost & Found
19.7%
Cuba Gooding Jr.; Lochlyn Munro
Daddy Day Camp
19.7%
Tim Allen; Patrick Warburton
Joe Somebody
19.1%
Owen Wilson; Morgan Freeman
The Big Bounce
18.5%
Leslie Nielsen; Richard Crenna
Wrongfully Accused
14.6%
Wes Bentley; Rachel Nichols
P2
13.4%
Actors
Movie
% Correct
Hugh Jackman; Ewan McGregor
Deception
13.4%
Charlize Theron; Kevin Bacon
Trapped
9.6%
Bill Murray; Tim Robbins
City of Ember
8.9%
John Cusack; Amanda Peet
Martian Child
8.9%
Brittany Brown-
Hart; Benjamin Fletcher (as themselves)
The Real Cancun
8.3%
Kim Basinger; Vincent Perez
I Dreamed of Africa
8.3%
Bill Paxton; Ben Kingsley
Thunderbirds
8.3%
Luke Wilson; Logan Lerman
Hoot
8.3%
Adam Brody; Mike Vogel
Grind
7%
Nathan Lane; Kelsey Grammer (voices)
Teacher's Pet
6.4%
Cathy Cavadni; Tara Strong (voices)
The Powerpuff Girls Movie
6.4%
Jason David Frank; Johnny Yong Bosch
Turbo: A Power Rangers Movie
5.7%
Keenen Ivory Wayans; Jon Voight
Most Wanted
4.5%
Victor Wong; Max Elliott Slade
3 Ninjas Kick Back
4.5%
Rene Russo; Alan Cumming
Buddy
3.8%
Patrick Swayze; Oliver Platt
Tall Tale
3.2%
Kevin Sorbo; Tia Carrere
Kull the Conqueror
3.2%
Ernest Borgnine; Bebe Neuwirth (voices)
All Dogs Go to Heaven 2
2.5%
Angus Macfadyen; Mario Yedidia
Warriors of Virtue
1.9%
Colin Firth; Ben Kingsley
The Last Legion
0.6%
Quiz Playlist
Details
Report
Send in Message
Add To Playlist
Classic:
Type in answers that appear in a list
Last Updated: Feb 16, 2017
Quiz Scoreboard
CHALLENGE
Sign Up to Join the Scoreboard
Show All
Scores
Hide
Comments
May contain spoilers
Recently Published
Two Season TV Shows II
by 123Four
Television
10m
Image Sorting: Flags VI
by Barbecue
Geography
2m
Find the 'City' Movie
by crazypaving
Movies
60s
More to Explore
Quiz From the Vault
Featured Blog Post
14 Easter Pick-up Lines to Find Eggs With
hide this ad
You Might Also Like...
Tags
Actor Quiz
2000
date
release
Theater
Weekend
Worst
Today's Top Quizzes in Movies
Browse Movies
hide this ad
Today's Top Quizzes in Actor
Browse Actor
Top Contributed Quizzes in Movies
1
The ultimate James Bond movie quiz
2
Find The 'Big' Movie
3
Find The 'Wild' Movie
4
Find The 'Blue' Movie
5
Movies By Plot
6
Hidden Star Wars Character II
7
Pick 5 Posters: Directed by Spielberg
8
Hidden Star Wars Character III
9
Hidden Star Wars Character IV
10
25 Best Actor Nominees (1990s)
Explore More
Trending Topics
Disney
Anime
Crossword
Harry Potter
Marvel
NBA
Kpop
Puzzle
Country
Song
Soccer
Pokémon
NFL
The Office
WWE
hide this ad
More By:
prefab
Quiz
Plays
Rating
Category
Featured
Created
Commonest Doctor Who Titles
7,197
4.10
Television
Aug 3, 2010
Top 40 Modern Rock Bands--1994
5,806
4.09
Music
Mar 24, 2011
Top 40 Modern Rock Bands--1998
2,347
4.55
Music
Mar 28, 2011
Top 40 Modern Rock Bands--1999
2,124
4.35
Music
Mar 30, 2011
Top 40 Modern Rock Bands--1996
1,964
4.35
Music
Mar 25, 2011
Go to Creator's Profile
Score Distribution
Quiz Creator Spotlight
prefab
Follow
Send a Message
Quizzes Created
-
Created Quiz Play Count
-
More By This Creator
Popular Quizzes Today
1
Find the US States - No Outlines Minefield
2
Colored Red Africa Blitz
3
Find the 'City' Movie
4
5x2 Blitz: Bands
5
The Countries of the World
6
Find the Countries of Europe - No Outlines Minefield
7
Find the US States
8
US States
More Movies Quizzes
Movie by Dead Body
Editor's Pick
Trending Quizzes
Colored Red Europe Blitz I
Colored Red Africa Blitz II
Colored Red Europe Blitz II
Colored Red Africa Blitz III
Even More Two Season TV Shows
Recently Updated
March Madness Men's Triple Doubles
pecheneg
How Do You Spell That?
pecheneg
Godzilla Movies
pecheneg
Grab Bag: 4-10 Letters
pecheneg
2024 March Madness Bracket
pecheneg
Famous TV Couples
Peacemaker
Champions League XIs: Real Madrid
pecheneg
Largest US Cities 1790-2010
pecheneg
Rides in Walt Disney World
pecheneg
Most Oscar Losses (Acting)
pecheneg
Trending Topics
Harry Potter
Anime
NBA
Marvel
Kpop
Crossword
Disney
Puzzle
Pokémon
NFL
Soccer
Song
Country
The Office
WWE
Your Account Isn't Verified!
In order to create a playlist on Sporcle, you need to verify the email address you used during registration. Go to your
Sporcle Settings
to finish the process.
Report this User
Report this user for behavior that violates our
Community Guidelines
.
Details:
Send Report
Go to the Sporcle.com Mobile Site →
Comments